Next century mathematics 7 ; (Record no. 5477)
[ view plain ]
| 000 -LEADER | |
|---|---|
| fixed length control field | 00626nam a22001817a 4500 |
| 003 - CONTROL NUMBER IDENTIFIER | |
| control field | OSt |
| 005 - DATE AND TIME OF LATEST TRANSACTION | |
| control field | 20251105043659.0 |
| 008 - FIXED-LENGTH DATA ELEMENTS--GENERAL INFORMATION | |
| fixed length control field | 251105b |||||||| |||| 00| 0 eng d |
| 020 ## - INTERNATIONAL STANDARD BOOK NUMBER | |
| International Standard Book Number | 978-971-06-4964-8 |
| 040 ## - CATALOGING SOURCE | |
| Original cataloging agency | DWCL - Main Lib |
| Transcribing agency | OC |
| 082 ## - DEWEY DECIMAL CLASSIFICATION NUMBER | |
| Edition number | 3rd |
| Classification number | Res. 510 N338 2023 |
| Item number | c3 |
| 100 ## - MAIN ENTRY--PERSONAL NAME | |
| Personal name | Manalo, Catalina B. |
| 245 ## - TITLE STATEMENT | |
| Title | Next century mathematics 7 ; |
| Remainder of title | into critical thingking and problem solving / |
| Statement of responsibility, etc. | Catalina B. Manalo |
| 260 ## - PUBLICATION, DISTRIBUTION, ETC. | |
| Place of publication, distribution, etc. | Quezon city, Philippines : |
| Name of publisher, distributor, etc. | Phoenix Publishing House, |
| Date of publication, distribution, etc. | c2023 |
| 300 ## - PHYSICAL DESCRIPTION | |
| Extent | vii, 378 pages : |
| Other physical details | illustrations ; |
| Dimensions | 25cm. |
| 650 ## - SUBJECT ADDED ENTRY--TOPICAL TERM | |
| Topical term or geographic name entry element | 1.Mathematics |
| 942 ## - ADDED ENTRY ELEMENTS (KOHA) | |
| Source of classification or shelving scheme | Dewey Decimal Classification |
| Koha item type | Book- Reserved |
| Edition | 3rd |
| Call number suffix | Res. |
| Suppress in OPAC | No |
| 952 ## - LOCATION AND ITEM INFORMATION (KOHA) | |
| -- | |
| 952 ## - LOCATION AND ITEM INFORMATION (KOHA) | |
| -- | |
| 952 ## - LOCATION AND ITEM INFORMATION (KOHA) | |
| -- | |
| Withdrawn status | Lost status | Source of classification or shelving scheme | Damaged status | Not for loan | Home library | Current library | Shelving location | Date acquired | Source of acquisition | Total Checkouts | Full call number | Barcode | Date last seen | Copy number | Price effective from | Koha item type | Uniform Resource Identifier |
|---|---|---|---|---|---|---|---|---|---|---|---|---|---|---|---|---|---|
| Dewey Decimal Classification | Junior High School Library | Junior High School Library | Reserved | 08/14/2025 | Library Fund | Res. 510 N338 2023 | JHS - 21148 | 11/05/2025 | c3 | 11/05/2025 | BK-0 CIRC | ||||||
| Dewey Decimal Classification | Junior High School Library | Junior High School Library | Reserved | 08/14/2025 | Library Fund | Res. 510 N338 2023 | JHS - 21147 | 11/05/2025 | c2 | 11/05/2025 | BK-0 CIRC | ||||||
| Dewey Decimal Classification | Junior High School Library | Junior High School Library | Reserved | 08/14/2025 | Library Fund | Res. 510 N338 2023 | JHS - 21146 | 11/05/2025 | c1 | 11/05/2025 | BK-0 CIRC |